Statistics for Top Yogurt Consuming Countries

Click here to take the quiz!

General Stats

  • This quiz has been taken 125 times
  • The average score is 9 of 11

Answer Stats

RankCountry% Correct
7United States
100%
1France
95%
4United Kingdom
95%
3Canada
92%
9China
88%
5Australia
86%
10India
85%
8Russia
85%
6Brazil
78%
11Indonesia
53%
2Ireland
53%

Score Distribution

Percentile by Number Answered

Percent of People with Each Score

Your Score History

You have not taken this quiz